000 00546 a2200181 4500
020 _c350.00
035 _aB-64349
037 _bRP-ZLS-1631 / UBH-02-03:151 / RP-02-03:ENG
082 1 4 _a547
090 _c3141
_d3141
100 1 _aBahl, Arun
245 1 _aAdvanced organic chemistry
_cby Arun Bahl, B.S. Bahl
260 _aNew Delhi
_bS. Chand
_c2003r
300 _aviii, 1365 p
_c25 cm (HB)
700 _aBahl, B.S.
942 _adpl
_cEN
_k547 / BAH
999 _c3079
_d3079